Tramwaje Warszawa- Linia 17 (przystanki) - Statystyki

Ogólne statystyki
  • Ten quiz został rozwiązany 331 razy
  • Średni wynik to 29 z 49
Statystyki odpowiedzi
Numer przystanku Nazwa przystanku % Poprawnych
48. Winnica
84%
49. Winnica
84%
19. Dworzec Centralny
79%
1. PKP Służewiec
78%
2. PKP Służewiec
78%
20. Rondo ONZ
74%
26. Rondo Radosława
72%
27. Rondo Radosława
72%
30. Metro Marymont
71%
43. Tarchomin
69%
15. Biblioteka Narodowa
66%
34. AWF
64%
16. GUS
64%
21. Hala Mirowska
63%
13. Kielecka
63%
18. Koszykowa
63%
46. Nowodwory
63%
22. Kino Femina
62%
5. Rondo Unii Europejskiej
61%
40. Stare Świdry
60%
9. Wołoska
60%
38. Cmentarz Włoski
59%
17. Nowowiejska
59%
8. Woronicza
59%
25. Stawki
58%
6. Domaniewska
56%
23. Nowolipki
56%
28. Plac Grunwaldzki
56%
39. Świderska
56%
36. UKSW
56%
44. Mehoffera
55%
31. Park Kaskada
55%
45. Stefanika
55%
35. Szpital Bielański
54%
24. Anielewicza
52%
47. Grzymalitów
52%
41. Śreniawitów
51%
37. Przy Agorze
50%
10. Wołoska-Szpital
50%
42. Myśliborska
48%
4. Postępu
48%
3. Wynalazek
48%
7. Konstruktorska
45%
12. Rakowiecka-Sanktuarium
45%
29. Księdza Popiełuszki
44%
33. Podleśna IMGW
40%
32. Żeromskiego
36%
11. Kulskiego
30%
14. Metro Pole Mokotowskie
26%
Nie znaleziono quizów pasujących do podanych kryteriów
Rozkład punktacji
Procent ludzi z każdym wynikiem
Percentyl według liczby udzielonych odpowiedzi
Twoja historia wyników
Nie rozwiązałeś tego quizu